Simulación por computadora
| Main Author: | |
|---|---|
| Format: | Section = Libro |
| Language: | Undetermined Spanish |
| Published: |
México
Glencor McGrawHill
1993
|
| Subjects: |
| LEADER | 00551nam a2200205Ia 4500 | ||
|---|---|---|---|
| 008 | 240830s9999 xx 000 0 und d | ||
| 020 | |a 968-18-4633-8 | ||
| 040 | |a B-ESTELÍ- RUACS / 003.3 R113 | ||
| 041 | |a spa | ||
| 082 | |a 003.3 R113 | ||
| 100 | 1 | |a Raczynski, Stanislaw | |
| 245 | 1 | 0 | |a Simulación por computadora |
| 260 | |a México |b Glencor McGrawHill |c 1993 | ||
| 300 | |a 208 p:il | ||
| 650 | 7 | |a SIMULACION POR COMPUTADORA | |
| 650 | 7 | |b LENGUAJES DE SIMULACION | |
| 650 | 7 | |c SIMULACION EN PASCAL | |
| 942 | |c BK |2 ddc | ||
| 991 | |a TEXTO | ||
| 999 | |c 10525 | ||